000 00906nam a2200253 i 4500
001 73615
003 ES-MaACL
005 20251111131008.0
007 t|
008 040909s1975 sp ||||1| spa d
020 _a84-229-9412-7
100 1 _aGómez Llorente, Luis.
_958013
245 1 0 _aRosa Luxemburgo y la socialdemocracia alemana /
_cLuis Gómez Llorente ; epílogo de Mercedes Gutiérrez Sánchez.
260 _aMadrid :
_bCuadernos para el Diálogo,
_c1975.
300 _a215 p. ;
_c19 cm.
490 1 _aEdiciones de bolsillo. Historia ;
_v412
600 1 4 _aLuxemburg, Rosa,
_d1870-1919
_974894
610 2 4 _aSozialdemokratische Partei Deutschlands.
_96882
700 1 _aGutiérrez Sánchez, Mercedes.
_961222
710 2 _aCuadernos para el Diálogo.
_93333
830 1 0 _aEdiciones de bolsillo.
_pHistoria
_v412
_9181166
852 _aES-MaACL
_jE-7908
999 _c73615
_d73615